Challenging the professions : (Record no. 21290)

000 -LEADER
fixed length control field 00454cam a2200157Ia 4500
020 ## - INTERNATIONAL STANDARD BOOK NUMBER
ISBN 1853391948
020 ## - INTERNATIONAL STANDARD BOOK NUMBER
ISBN 1853392081
040 ## - CATALOGING SOURCE
Transcribing agency DJB
082 ## - DEWEY DECIMAL CLASSIFICATION NUMBER
Classification number INTE CHA 1993 C278 Or.
100 1# - MAIN ENTRY--AUTHOR NAME
Personal name Chambers, Robert,
245 10 - TITLE STATEMENT
Title Challenging the professions :
Remainder of title frontiers for rural development /
260 ## - PUBLICATION, DISTRIBUTION, ETC. (IMPRINT)
Place of publication London :
Name of publisher Intermediate Technology Publications,
Year of publication 1993
300 ## - PHYSICAL DESCRIPTION
Number of Pages xvi, 143 p. :
Other physical details ill. ;
Dimensions 23 cm
650 #0 - SUBJECT ADDED ENTRY--TOPICAL TERM
Topical Term Rural development
942 ## - ADDED ENTRY ELEMENTS (KOHA)
Koha item type ADB
952 ## - LOCATION AND ITEM INFORMATION (KOHA)
Withdrawn status [LOCAL, KOHA] 0
Holdings
Permanent Location Date acquired Koha item type Lost status Shelving location Barcode Current Location Full call number
Library Block C2023-05-02ADB C278a36093Library Block CINTE CHA 1993 C278 Or.
មជ្ឈមណ្ឌលឯការនៃសាកលវិទ្យាល័យភូមិន្ទកសិកម្មចំការដូង

Powered by Koha